The encyclopadia of islam three /

محفوظ في:

مؤلفون آخرون: Gaborieau, Marc, Allen, Roger,‪ 1942-

التنسيق: كتاب

اللغة: English

منشور في: Leiden [Netherlands] : Brill, 2007.

الطبعة: 3rd. ed.

الموضوعات:

الوسوم: إضافة وسم

لا توجد وسوم, كن أول من يضع وسما على هذه التسجيلة!

رقم الطلب: REF. DS37 .E524

LEADER 00852namaa2200241 4500
003 OSt
005 20201019065051.0
008 160218s2007 ne a g e 000 0 eng d
952 |0 0  |1 0  |2 lcc  |4 0  |6 REF D S37 E524  |7 1  |9 6862  |a ARCE  |b ARCE  |d 2020-10-19  |l 0  |o REF. DS37 .E524  |r 2020-10-19 00:00:00  |w 2020-10-19  |y BK 
999 |c 31210  |d 31210 
040 |c ARCE Library 
050 0 4 |a REF. DS37 .E524 
245 0 4 |a The encyclopadia of islam three /  |c edited by Gudrun Krämer ... [et al.] ; with Roger Allen ... [et al.]. 
250 |a 3rd. ed. 
260 |a Leiden [Netherlands] :  |b Brill,  |c 2007. 
300 |a volumes :  |b illustration ;  |c 27 cm. 
650 0 |a Islam  |v Encyclopadias. 
650 0 |a Muslims  |v Encyclopadias. 
650 0 |a Islamic civilization  |v Encyclopadias. 
700 1 |a Gaborieau, Marc 
700 1 |a Allen, Roger,‪  |d 1942- 
901 |a reviewed 
942 |2 lcc  |c BK